Self-Care For Women (Record no. 4728)

MARC details
000 -LEADER
fixed length control field 00490cam a2200193ua 4500
001 - CONTROL NUMBER
control field 5568
005 - DATE AND TIME OF LATEST TRANSACTION
control field 20260515113915.0
008 - FIXED-LENGTH DATA ELEMENTS--GENERAL INFORMATION
fixed length control field 131004n ii |||gr||||Z||||||eng
020 ## - INTERNATIONAL STANDARD BOOK NUMBER
International Standard Book Number 978-81-237-2804-9
040 ## - CATALOGING SOURCE
Transcribing agency MAIN
082 ## - DEWEY DECIMAL CLASSIFICATION NUMBER
Classification number 305.5
245 ## - TITLE STATEMENT
Title Self-Care For Women
Statement of responsibility, etc. By Parul R Sheth
260 ## - PUBLICATION, DISTRIBUTION, ETC.
Place of publication, distribution, etc. New Delhi:
Name of publisher, distributor, etc. National Book Trust ,
Date of publication, distribution, etc. 2009.
653 ## - INDEX TERM--UNCONTROLLED
Uncontrolled term Sociology
653 ## - INDEX TERM--UNCONTROLLED
Uncontrolled term Social Groups
653 ## - INDEX TERM--UNCONTROLLED
Uncontrolled term Self Care For Women
700 ## - ADDED ENTRY--PERSONAL NAME
Personal name Sheth,Parul R,
Relator term Author.,
942 ## - ADDED ENTRY ELEMENTS (KOHA)
Koha item type Books
Holdings
Withdrawn status Lost status Damaged status Not for loan Home library Current library Shelving location Date acquired Total checkouts Full call number Barcode Date last seen Copy number Price effective from Koha item type
        Naharkatiya College Library Naharkatiya College Library General stacks 09/19/2020   305.4 | SHE 21627 09/19/2020 1 09/19/2020 Books